000 00287nam a22001337a 4500
082 _a823
_bSCO/N
100 _aSCOTT, A F
100 _aAGGARWAL N K
245 _aNEW HORIZONS BOOK A
260 _aMADRAS
_bMACMILLAN
_c1968
300 _a47
650 _aENGLISH STORY
_zINDIA
942 _cBK
999 _c7628
_d7628